000 01435nam a22002537a 4500
005 20170124103205.0
010 _aB-137468
020 _c00.00
_a8181691489
035 _aB-137468
037 _bCen Lib/Ret
040 _aDPL
_bHN
082 _a352.630954
_bजैनसु
100 _aजैन, सुरेश चन्द्र
_947448
245 _aनौकरशाही का प्रबन्ध :
_cसुरेश चन्द्र जैन
_bआर्थिक सुधारों एवं ग्रामीण विकास के लिए पुनर्गठन /
246 _aNaukarshahi ka prabandh : arthik sidharon ewam grameen vikas ke liye punargathan /
_bby Suresh Chandra Jain
260 _aनई दिल्ली
_bकन्सेप्ट पब्लिशिंग कम्पनी
_c2005
270 _bनई दिल्ली
_aA/15-16, कमर्शियल ब्लाक, मोहन गार्डन
_e110059
300 _a535पृ.
_c20सेमी(सजिल्द)
650 _aग्रामीण विकास -- नौकरशाही के कार्यक्रम
_993422
650 _aनौकरशाही की प्रक्रियाएँ
_943309
650 _aRural Development - bureaucratic program
_993423
650 _aBureaucratic procedures
_993424
942 _2ddc
_cHN
_h352.630954
_mजैनसु
999 _c120926
_d120926